LEADER 01822oam 2200553 450 001 9910707976503321 005 20170124084359.0 035 $a(CKB)5470000002468801 035 $a(OCoLC)895960409 035 $a(EXLCZ)995470000002468801 100 $a20141118d2007 ua 0 101 0 $aeng 135 $aur||||||||||| 181 $ctxt$2rdacontent 182 $cc$2rdamedia 183 $acr$2rdacarrier 200 00$aMilitary airpower $ea revised digest of air power opinions and thoughts /$fcompiled by Charles M. Westenhoff 205 $a[Revised edition]. 210 1$aMaxwell Air Force Base, Alabama :$cAir University Press,$d2007. 215 $a1 online resource (xii, 261 pages) $cillustrations 300 $a"March 2007." 300 $aOriginally published in 1990 under title: Military Air Power : the CADRE Digest of Air Power Opinions and Thoughts. 320 $aIncludes bibliographical references (pages 247-249) and index. 517 $aMilitary airpower 606 $aAir power$vQuotations, maxims, etc 606 $aAir warfare$vQuotations, maxims, etc 606 $aMilitary art and science$vQuotations, maxims, etc 606 $aAir power$2fast 606 $aAir warfare$2fast 606 $aMilitary art and science$2fast 608 $aQuotations.$2fast 615 0$aAir power 615 0$aAir warfare 615 0$aMilitary art and science 615 7$aAir power. 615 7$aAir warfare. 615 7$aMilitary art and science. 676 $a358.4/03 702 $aWestenhoff$b Charles M. 712 02$aAir University (U.S.).$bPress, 801 0$bOCLCE 801 1$bOCLCE 801 2$bOCLCO 801 2$bOCLCQ 801 2$bGPO 906 $aBOOK 912 $a9910707976503321 996 $aMilitary airpower$93447453 997 $aUNINA LEADER 01370nas 2200457- 450 001 9910131341003321 005 20241204163928.0 011 $a1994-3849 035 $a(OCoLC)944199142 035 $a(CKB)3710000000378877 035 $a(CONSER)--2016234272 035 $a(EXLCZ)993710000000378877 100 $a20160309a20019999 --- - 101 0 $arus 135 $aur|n||||||||| 181 $ctxt$2rdacontent 182 $cc$2rdamedia 183 $acr$2rdacarrier 200 00$aHortus botanicus 210 1$aPetrozavodsk :$cA.A. Prokhorov 215 $a1 online resource 531 0 $aHortus bot. 606 $aBotanical gardens$vPeriodicals 606 $aHorticulture$vPeriodicals 606 $aHorticulture$zRussia (Federation)$vPeriodicals 606 $aHorticulture$zFormer Soviet republics$vPeriodicals 606 $aBotanical gardens$2fast$3(OCoLC)fst00836830 606 $aHorticulture$2fast$3(OCoLC)fst00960791 607 $aRussia (Federation)$2fast 607 $aSoviet Union$zFormer Soviet republics$2fast 608 $aPeriodicals.$2fast 615 0$aBotanical gardens 615 0$aHorticulture 615 0$aHorticulture 615 0$aHorticulture 615 7$aBotanical gardens. 615 7$aHorticulture. 906 $aJOURNAL 912 $a9910131341003321 996 $aHortus botanicus$92580398 997 $aUNINA